Countries that border other countries (A) - Statistics

General Stats
  • This quiz has been taken 28 times
    24 since last reset
  • The average score is 41 of 43
Answer Stats
Hint Answer % Correct
fr France
100%
gr Greece
100%
xk Kosovo
100%
me Montenegro
100%
ma Morocco
100%
mk North Macedonia
100%
pk Pakistan
100%
es Spain
100%
tj Tajikistan
100%
tn Tunisia
100%
tm Turkmenistan
100%
am Armenia
95%
az Azerbaijan
95%
bo Bolivia
95%
br Brazil
95%
cl Chile
95%
cn China
95%
cd Democratic Republic of the Congo
95%
ge Georgia
95%
ge Georgia
95%
de Germany
95%
hu Hungary
95%
ir Iran
95%
ir Iran
95%
ir Iran
95%
it Italy
95%
li Liechtenstein
95%
ml Mali
95%
mr Mauritania
95%
ne Niger
95%
py Paraguay
95%
si Slovenia
95%
ch Switzerland
95%
uy Uruguay
95%
cz Czechia
90%
ly Libya
90%
na Namibia
90%
cg Republic of the Congo
90%
ru Russia
90%
sk Slovakia
90%
tr Turkey
90%
uz Uzbekistan
90%
zm Zambia
81%
No matching quizzes found
Score Distribution
Percent of People with Each Score
Percentile by Number Answered
Your Score History
You have not taken this quiz since the last reset